000 00766nam a2200229Ia 4500
003 GCL
008 140319s9999 xx 000 0 ara d
040 _aGCL /
_cGCL
082 0 4 _aم
_b320.03
_bع م
100 1 _aعبدالوهاب الكيالى
245 1 0 _aموسوعة السياسة /
_cعبدالوهاب الكيالى
700 1 _aماجد نعمة
260 _aبيروت :
_bالمؤسسة العربية للدراسات والنشر ،
_c1990
300 _a7 مج ؛
_c23 سم
490 _a
650 0 4 _aالعالم العربى
650 0 4 _aدوائر المعارف العربية
650 0 4 _aالنظم السياسية
650 0 4 _aالحكومات
650 0 4 _aالسياسة - دوائر المعارف
942 _2ddc
_cREF
999 _c59588
_d59588